Fundamentals of modern physics

Gardado en:
Detalles Bibliográficos
Autor Principal: Eisberg, Robert Martin (Author)
Formato: Libro
Idioma:inglés
Publicado: Nueva York University of Minnesota 1961
Subjects:
Tags: Engadir etiqueta
Sen Etiquetas, Sexa o primeiro en etiquetar este rexistro!

MARC

LEADER 00000nam a2200000 a 4500
001 UCH1341
003 CL-VaPUC
008 090427e19610000US |||||||||||||||||eng|d
082 0 4 |a 539  |b EIS  |2 21 
100 0 |a Eisberg, Robert Martin  |e author  |9 535789 
245 1 0 |a Fundamentals of modern physics 
300 |a 729 p 
942 |c BK 
945 |d 20090427 00:00:00  |a rbrito 
260 |a Nueva York  |b University of Minnesota  |c 1961 
650 0 |a Teoría de la relatividad   |9 266149 
650 0 |a Relatividad  |9 269977 
650 0 |a Radiación  |9 259874 
650 0 |a Teoría cuántica  |9 266148 
650 7 |a ELECTRONES  |2 CL-VaPUC  |9 322158 
583 |a last modification  |c 20090427 00:00:00  |k Rodrigo Vera 
999 |c 333392  |d 333390